Dictionary of natural resources (Record no. 693958)

MARC details
000 -LEADER
fixed length control field 00725nam a2200241Ia 4500
003 - CONTROL NUMBER IDENTIFIER
control field OSt
005 - DATE AND TIME OF LATEST TRANSACTION
control field 20220927105708.0
008 - FIXED-LENGTH DATA ELEMENTS--GENERAL INFORMATION
fixed length control field 220926b |||||||| |||| 00| 0 eng d
037 ## - SOURCE OF ACQUISITION
Terms of availability Reference Collections
040 ## - CATALOGING SOURCE
Original cataloging agency RTL
Transcribing agency RTL
Language of cataloging eng
041 ## - LANGUAGE CODE
Source of code eng
Language code of text/sound track or separate title eng
100 ## - MAIN ENTRY--PERSONAL NAME
Personal name JACKSON Nora
9 (RLIN) 374249
245 #0 - TITLE STATEMENT
Title Dictionary of natural resources
260 ## - PUBLICATION, DISTRIBUTION, ETC.
Place of publication, distribution, etc. Oxford
Name of publisher, distributor, etc. Pergamon Press
Date of publication, distribution, etc. 1966
500 ## - GENERAL NOTE
General note Appendix: P 282-286; Glossary: P 287-93; Bibliography: P 295-309
700 ## - ADDED ENTRY--PERSONAL NAME
Personal name PENN Philip
9 (RLIN) 374250
942 ## - ADDED ENTRY ELEMENTS (KOHA)
Classification part "U671k, K6/RR"
Koha item type
Holdings
Withdrawn status Lost status Damaged status Not for loan Home library Current library Date acquired Total Checkouts Full call number Barcode Date last seen Price effective from Koha item type
        Ratan Tata Library Ratan Tata Library 2022-09-27   "U671k K6/RR" RT0303099 2022-09-27 2022-09-27  
Copyright @ Delhi University Library System